000 00299nam a22001337a 4500
003 SGT
082 _a631.5
_bRAT
100 _aRATHORE SANJAY SINGH
245 _aCLIMATE SMART AGRONOMY
260 _aNEW DELHI
_bBHAVYA BOOK PUB.
_c2023
300 _a252
650 _aAGRONOMY
942 _2ddc
_cBK
999 _c26895
_d26895